000 00570nam a22001697a 4500
003 NUST
082 _a621
100 _aZahir, Mian Muhammad Asim
_921169
245 _aFinite Element Analysis of Knee Implant for Orthopedic Applications
_cMian Muhammad Asim Zahir
264 _aIslamabad:
_bSMME- NUST.
_c2015
300 _aviii. 40p
_bSoft Copy,
_c30cm.
500 _aHardcover
650 _aMS Mechanical Engineering
_9119495
700 _aSupervisor : Dr. Mushtaq khan
_9119879
856 _uhttp://10.250.8.41:8080/xmlui/handle/123456789/42105
942 _2ddc
_cTHE
999 _c610049
_d610049